| 000 | 00393nam a22001457a 4500 | ||
|---|---|---|---|
| 005 | 20251007151941.0 | ||
| 008 | 250930b |||||||| |||| 00| 0 eng d | ||
| 020 | _a978-93-48189-03-5 | ||
| 041 | _aeng | ||
| 100 |
_aCHATURVEDI, YATINDRA NATH _98711 |
||
| 245 | _aPREMCHAND KRIT AMAR KAHANIYAAN [VOL-1 TO 15 ] | ||
| 260 |
_aUTTAR PRADESH _bAKSHAR PLANT _c2024 |
||
| 300 | _a240;P | ||
| 942 | _cBK | ||
| 999 |
_c8864 _d8862 |
||